[Event "2nd Science Park Open A"]
[Site "Amsterdam NED"]
[Date "2012.07.19"]
[Round "6"]
[White "Van der Lende, Ilias"]
[Black "Hovenga, Alje"]
[Result "0-1"]
[WhiteElo "2175"]
[BlackElo "2247"]
[WhiteFideId "1019260"]
[BlackFideId "1005812"]
[EventDate "2012.07.14"]

1. e4 c6 2. d4 d5 3. exd5 cxd5 4. c4 Nf6 5. Nc3 e6 6. Nf3 Bb4 7. cxd5 Nxd5 8.
Bd2 Nc6 9. Bd3 Be7 10. O-O O-O 11. a3 Bf6 12. Qc2 h6 13. Be3 Nce7 14. Rad1 b6
15. Qe2 Bb7 16. Ne4 Ng6 17. Bb1 Rc8 18. Qd3 Re8 19. Rfe1 Qc7 20. Rc1 Qe7 21.
Nxf6+ Qxf6 22. Ne5 Nxe5 23. dxe5 Qxe5 24. Rxc8 Rxc8 25. Qh7+ Kf8 26. Qh8+ Ke7
27. Qxc8 Bxc8 28. Bc5+ Kf6 29. Rxe5 Kxe5 30. Bf8 Kf6 31. g3 Ba6 32. Be4 Ne7 33.
f4 h5 34. h3 Nc8 35. Kf2 e5 36. fxe5+ Kxe5 37. Bf3 g6 38. Bg7+ f6 39. g4 hxg4
40. hxg4 g5 41. b4 Ke6 42. a4 Bc4 43. Bf8 Kf7 44. Bb7 Kxf8 45. Bxc8 a5 46. bxa5
bxa5 47. Bf5 Bb3 48. Bd7 Ke7 49. Bb5 Kd6 50. Ke2 Be6 51. Kf3 Ke5 52. Be8 Bb3 53.
Ke2 Kd4 54. Bd7 Kc3 55. Ke3 Bc2 56. Be8 Kb4 57. Kd4 Bxa4 58. Bf7 Bb3 59. Be8 Be6 0-1

[Event "2nd Science Park Open A"]
[Site "Amsterdam NED"]
[Date "2012.07.19"]
[Round "6"]
[White "Van Dorp, Folke"]
[Black "De Roode, Martijn"]
[Result "1/2-1/2"]
[WhiteElo "2183"]
[BlackElo "2100"]
[WhiteFideId "1023209"]
[BlackFideId "1030752"]
[EventDate "2012.07.14"]

1. d4 Nf6 2. c4 g6 3. Nc3 Bg7 4. e4 d6 5. Bd3 O-O 6. Nge2 Nc6 7. O-O Nd7 8. Be3
e5 9. d5 Nd4 10. Bxd4 exd4 11. Nb5 Nc5 12. Nbxd4 Re8 13. Qc2 Bg4 14. Rab1 Qe7
15. f3 Qg5 16. Kf2 Qh4+ 17. Kg1 Qg5 18. Kf2 Bh6 19. f4 Qe7 20. Kg3 f5 21. Ne6
Nxe6 22. dxe6 Bxe2 23. Qxe2 Qxe6 24. Rbe1 Qf6 25. Qf3 fxe4 26. Bxe4 c6 27. f5
Rf8 28. Qg4 g5 29. Bb1 Rae8 30. Qh5 1/2-1/2

[Event "2nd Science Park Open A"]
[Site "Amsterdam NED"]
[Date "2012.07.19"]
[Round "6"]
[White "Riemens, Albert"]
[Black "Vogel, Jaap"]
[Result "1/2-1/2"]
[BlackTitle "FM"]
[WhiteElo "2123"]
[BlackElo "2179"]
[WhiteFideId "1003941"]
[BlackFideId "1000764"]
[EventDate "2012.07.14"]

1. e4 e6 2. d4 d5 3. e5 c5 4. c3 Nc6 5. g3 Nge7 6. Bh3 b6 7. Ne2 Ba6 8. Be3 Qd7
9. O-O Rc8 10. a3 Na5 11. Re1 Nec6 12. Nd2 Nc4 13. Nxc4 Bxc4 14. Nf4 g6 15. Qg4
Be7 16. Bg2 cxd4 17. cxd4 a5 18. h4 h5 19. Qf3 a4 20. Nh3 b5 21. Qf4 Qd8 1/2-1/2

[Event "2nd Science Park Open A"]
[Site "Amsterdam NED"]
[Date "2012.07.19"]
[Round "6"]
[White "Mellema, Andries"]
[Black "Van Lommel, Patrick"]
[Result "1/2-1/2"]
[BlackTitle "CM"]
[WhiteElo "2167"]
[BlackElo "2120"]
[WhiteFideId "1011464"]
[BlackFideId "1008269"]
[EventDate "2012.07.14"]

1. e4 e6 2. d4 d5 3. exd5 exd5 4. Nc3 Bb4 5. Bd3 Nc6 6. Ne2 Nge7 7. Bg5 Be6 8.
Qd2 Qd7 9. O-O f6 10. Be3 Bf5 11. a3 Bxc3 12. Qxc3 Bxd3 13. Qxd3 O-O 14. Bf4
Rfe8 15. Rfe1 Nd8 16. Nc3 c6 17. Re2 Nf7 18. Rae1 Ng6 19. Bg3 Rxe2 20. Qxe2 Nd6
21. Bxd6 Qxd6 22. g3 Qd7 23. h4 Kf7 24. Qh5 Kg8 25. Qe2 Kf7 26. Na4 b6 27. Qa6
Nxh4 28. Re3 Nf5 29. Nxb6 axb6 30. Qxa8 Nxe3 31. fxe3 Qg4 32. Kf2 Qf5+ 33. Ke1
Qxc2 34. Qb7+ Kg6 35. Qxb6 Qc1+ 36. Ke2 Qc2+ 37. Kf1 Qd1+ 38. Kf2 1/2-1/2

[Event "2nd Science Park Open A"]
[Site "Amsterdam NED"]
[Date "2012.07.19"]
[Round "6"]
[White "Galje, Hans"]
[Black "Merbis, Max"]
[Result "1/2-1/2"]
[WhiteElo "2108"]
[BlackElo "2167"]
[WhiteFideId "1003240"]
[BlackFideId "1014757"]
[EventDate "2012.07.14"]

1. d4 Nf6 2. c4 e6 3. Nc3 Bb4 4. e3 b6 5. Ne2 c5 6. a3 Ba5 7. Rb1 Na6 8. Bd2 O-O
9. Ng3 Bb7 10. d5 exd5 11. cxd5 Bxc3 12. Bxc3 Nxd5 13. Bxg7 Kxg7 14. Bxa6 Bxa6
15. Qxd5 Kh8 16. Ne4 f5 17. Qe5+ Kg8 18. Qd5+ Kh8 19. Qe5+ Kg8 1/2-1/2

[Event "2nd Science Park Open A"]
[Site "Amsterdam NED"]
[Date "2012.07.19"]
[Round "6"]
[White "Van Zetten, Maarten"]
[Black "Diaz Herrero, Alvaro"]
[Result "1-0"]
[WhiteElo "2027"]
[BlackElo "2137"]
[WhiteFideId "1006568"]
[BlackFideId "22201572"]
[EventDate "2012.07.14"]

1. d4 Nf6 2. Nf3 e6 3. Bf4 c5 4. c3 b6 5. e3 Be7 6. Nbd2 Bb7 7. Bd3 Nh5 8. Bg3
cxd4 9. exd4 d6 10. Qe2 Nd7 11. Be4 Nxg3 12. hxg3 Bxe4 13. Nxe4 O-O 14. g4 Re8
15. Qd3 Nf8 16. O-O-O b5 17. Qxb5 d5 18. Ned2 Rb8 19. Qd3 Qa5 20. Kb1 Rec8 21.
Nb3 Rc6 22. Nxa5 1-0

[Event "2nd Science Park Open A"]
[Site "Amsterdam NED"]
[Date "2012.07.19"]
[Round "6"]
[White "Lee, Kai Jie Edward"]
[Black "Klapwijk, Bram"]
[Result "0-1"]
[WhiteElo "2126"]
[BlackElo "2041"]
[WhiteFideId "5802920"]
[BlackFideId "1009133"]
[EventDate "2012.07.14"]

1. e4 e6 2. d4 d5 3. Nd2 Nf6 4. e5 Nfd7 5. Bd3 c5 6. c3 Nc6 7. Ne2 cxd4 8. cxd4
f6 9. exf6 Qxf6 10. Nf3 Bb4+ 11. Bd2 O-O 12. O-O e5 13. Qb3 Bxd2 14. Qxd5+ Kh8
15. Nxd2 exd4 16. Nf3 Nde5 17. Nxe5 Nxe5 18. Rad1 Rd8 19. Qc5 Bg4 20. f3 b6 21.
Qb4 a5 22. Qd2 Be6 23. b3 a4 24. Be4 Rac8 25. Qb4 axb3 26. axb3 d3 27. Nc1 Qf4
28. Qxb6 Ng4 29. fxg4 Qxe4 30. Rxd3 Bd5 31. Rg3 Bg8 32. Qe3 Qc2 33. Rgf3 Rd2 34.
Qe5 Rxg2+ 35. Kh1 Re8 36. Qd6 Rd8 37. Qe5 Rdd2 38. Rh3 Qc6 39. Rhf3 Rgf2 40.
Rxf2 Rxf2 0-1

[Event "2nd Science Park Open A"]
[Site "Amsterdam NED"]
[Date "2012.07.19"]
[Round "6"]
[White "Go, Benjamin"]
[Black "Theulings, Paul-Peter"]
[Result "1/2-1/2"]
[BlackTitle "CM"]
[WhiteElo "2164"]
[BlackElo "2126"]
[WhiteFideId "1014560"]
[BlackFideId "1002899"]
[EventDate "2012.07.14"]

1. e4 Nf6 2. e5 Nd5 3. d4 d6 4. Nf3 Nc6 5. c4 Nb6 6. e6 fxe6 7. Nc3 g6 8. h4 Bg7
9. Be3 e5 10. d5 Nd4 11. Nxd4 exd4 12. Bxd4 Bxd4 13. Qxd4 e5 14. dxe6 O-O 15.
O-O-O Bxe6 16. Ne4 Bf5 17. c5 Bxe4 18. Qxe4 Nd7 19. cxd6 cxd6 20. Rxd6 Rc8+ 21.
Bc4+ Kh8 22. Rhd1 Nf6 23. Rxd8 Nxe4 24. Rxf8+ Rxf8 25. f3 Rc8 26. Rd4 Ng3 27.
Kd2 Nf5 28. Rf4 Re8 29. Bd3 Rd8 30. h5 Kg7 31. hxg6 hxg6 32. Rc4 Rd7 33. Ke2
Re7+ 34. Kf2 Ne3 35. Rc1 Nd5 36. a3 Nf4 37. Be4 Rd7 38. Rc2 Kf6 39. g3 Nh3+ 40.
Ke3 Ng5 41. Rd2 Rxd2 42. Kxd2 b6 43. Ke3 Ne6 44. f4 g5 45. Bd5 Nc7 46. Bc4 gxf4+
47. gxf4 Kf5 48. Kf3 Ne8 49. Bd3+ Ke6 50. Ke4 Nf6+ 51. Kd4 Nh5 52. f5+ Kd6 53.
Be2 Nf6 54. Bc4 Ne8 55. Ba2 Nf6 56. Bb3 Ne8 57. Ke4 Nf6+ 58. Kf4 Nd7 59. Ba2 Nf6
60. Be6 Ne8 61. Kg5 Ke7 62. Kf4 Kd6 63. Ke4 Nf6+ 64. Kd4 Ne8 65. Kc4 a5 66. Kd4
Nf6 67. Bf7 Nd7 68. Be8 Nf6 69. Bb5 Ng4 70. a4 Nf6 71. b3 Ng4 72. Ke4 Nf6+ 73.
Kd4 Ng4 74. Ke4 Nf6+ 75. Kd4 Ng4 76. Ke4 1/2-1/2

[Event "2nd Science Park Open A"]
[Site "Amsterdam NED"]
[Date "2012.07.19"]
[Round "6"]
[White "Schoehuijs, Erik"]
[Black "Markus, John Raymond"]
[Result "0-1"]
[WhiteElo "2120"]
[BlackElo "2147"]
[WhiteFideId "1004425"]
[BlackFideId "1001213"]
[EventDate "2012.07.14"]

1. d4 Nf6 2. c4 d6 3. Nc3 Nbd7 4. Nf3 e5 5. g3 Be7 6. Bg2 O-O 7. O-O c6 8. e4
Qc7 9. h3 Re8 10. Re1 Bf8 11. Be3 g6 12. Rc1 Bg7 13. d5 c5 14. a3 a6 15. Nd2 b6
16. b4 Nf8 17. Rb1 Bd7 18. Qc2 Nh5 19. Qd1 f5 20. exf5 Bxf5 21. Nce4 Nf6 22.
bxc5 bxc5 23. Qa4 Nxe4 24. Nxe4 Bd7 25. Qc2 Bf5 26. Qa4 Bd7 27. Qc2 Bf5 28. Bd2
Nd7 29. Rb3 Rab8 30. Reb1 Bxe4 31. Bxe4 Rxb3 32. Rxb3 Rb8 33. h4 Rxb3 34. Qxb3
Nf6 35. Bg2 h6 36. a4 Kh7 37. a5 Nd7 38. Be4 Nf6 39. Bc2 Qd7 40. Qf3 h5 41. Bg5
e4 42. Qf4 Qf5 43. Qxd6 Ng4 44. Qf4 Bd4 45. Qxf5 gxf5 46. d6 Bxf2+ 47. Kg2 Be1
48. d7 Bxa5 49. Bb3 e3 50. d8=Q Bxd8 51. Bxd8 e2 52. Ba5 Ne5 53. Bc2 Nxc4 54.
Bxf5+ Kh6 55. Bd3 Nxa5 56. Bxe2 c4 57. Kf2 c3 58. Ke1 c2 59. Kd2 Nb3+ 60. Kxc2
Nd4+ 61. Kd2 Nxe2 62. Kxe2 Kg6 0-1

[Event "2nd Science Park Open A"]
[Site "Amsterdam NED"]
[Date "2012.07.19"]
[Round "6"]
[White "Punt, Roland"]
[Black "Straat, Evert-Jan"]
[Result "0-1"]
[WhiteElo "2141"]
[BlackElo "2091"]
[WhiteFideId "1017527"]
[BlackFideId "1001418"]
[EventDate "2012.07.14"]

1. e4 e6 2. d4 d5 3. Nd2 c5 4. exd5 Qxd5 5. Ngf3 cxd4 6. Bc4 Qd6 7. Qe2 Nf6 8.
O-O Nc6 9. Nb3 Be7 10. Rd1 e5 11. Bb5 Bg4 12. Qxe5 Qxe5 13. Nxe5 Bxd1 14. Nxc6
a6 15. Nxe7+ axb5 16. Bd2 Bxc2 17. Re1 Bxb3 18. axb3 Kd7 19. Nf5 d3 20. Nxg7
Rhc8 21. g3 Rc2 0-1

[Event "2nd Science Park Open A"]
[Site "Amsterdam NED"]
[Date "2012.07.19"]
[Round "6"]
[White "Weber, Meikel"]
[Black "Jacobs, Florian"]
[Result "0-1"]
[WhiteElo "2045"]
[BlackElo "2130"]
[WhiteFideId "24602957"]
[BlackFideId "1018329"]
[EventDate "2012.07.14"]

1. e4 c5 2. Nf3 d6 3. d4 cxd4 4. Nxd4 Nf6 5. Nc3 a6 6. Be3 e5 7. Nb3 Be6 8. f3
h5 9. Be2 Nbd7 10. O-O Qc7 11. Kh1 Be7 12. Qd2 b5 13. a3 O-O 14. Rac1 Nb6 15.
Na5 Rfd8 16. f4 d5 17. fxe5 Nxe4 18. Bxb6 Qxb6 19. Nxe4 dxe4 20. Qe1 h4 21. b4
Bg5 22. Rd1 Qc7 23. c4 bxc4 24. Qc3 Rxd1 25. Rxd1 Bf4 26. Rd6 Qa7 27. Rd1 Qf2
28. Bxc4 h3 29. Rg1 Rc8 0-1

[Event "2nd Science Park Open A"]
[Site "Amsterdam NED"]
[Date "2012.07.19"]
[Round "6"]
[White "Hendriks, Theo"]
[Black "Brookes, Christopher"]
[Result "0-1"]
[WhiteElo "2067"]
[BlackElo "2171"]
[WhiteFideId "1015915"]
[BlackFideId "4669355"]
[EventDate "2012.07.14"]

1. e4 c5 2. Nf3 d6 3. d4 cxd4 4. Nxd4 Nf6 5. Nc3 Nc6 6. Be2 g6 7. Be3 Bg7 8. O-O
O-O 9. a3 Bd7 10. Nb3 Rc8 11. f4 a5 12. Bf3 Be6 13. Nd5 a4 14. Bb6 Qd7 15. Nd2
Nb8 16. Nb4 Ng4 17. c3 Qb5 18. Ba7 Nf6 19. Bf2 Nbd7 20. Be2 Qa5 21. Bf3 Nc5 22.
Qe2 Nb3 23. Nxb3 Bxb3 24. Rfe1 e5 25. fxe5 dxe5 26. Qe3 Rfd8 27. Bh4 Bf8 28. Kh1
Be7 29. Bg3 Kg7 30. Nd5 Nxd5 31. exd5 f6 32. Bg4 Rc5 33. Rf1 Rcxd5 34. Bf3 Rd3
35. Qe4 b6 36. Qb7 R3d7 37. Qc6 f5 38. Bf2 Bc5 39. Bh4 Be7 40. Bf2 Rd6 41. Qc7
R8d7 42. Qb8 e4 43. Rae1 Qa7 44. Qxa7 Rxa7 45. Bd1 Bxd1 46. Rxd1 Rad7 47. Rxd6
Rxd6 48. Bd4+ Bf6 49. Rd1 Bxd4 50. cxd4 Rc6 51. Kg1 Rc2 52. d5 Kf7 53. Rd4 Rxb2
54. Rxa4 Ke7 55. Ra7+ Kd6 56. Rxh7 Kxd5 57. Rg7 Kd4 58. Rxg6 Ke3 59. Rg3+ Ke2
60. h4 Rb1+ 61. Kh2 Kd2 62. Rg5 e3 63. Rxf5 e2 64. Rd5+ Kc3 0-1

[Event "2nd Science Park Open A"]
[Site "Amsterdam NED"]
[Date "2012.07.19"]
[Round "6"]
[White "Hoffman, Ron"]
[Black "Henseler, Jorgen"]
[Result "1/2-1/2"]
[WhiteElo "2096"]
[BlackElo "2075"]
[WhiteFideId "1007599"]
[BlackFideId "1023233"]
[EventDate "2012.07.14"]

1. d4 d5 2. Bf4 Nf6 3. e3 c5 4. c3 Nc6 5. Nd2 Bf5 6. Qb3 Qd7 7. dxc5 e5 8. Bg3
Bxc5 9. Ngf3 Bd6 10. Bb5 Qc7 11. c4 Be6 12. c5 Bxc5 13. Bxe5 Qb6 14. Bd4 O-O 15.
Bxc6 bxc6 16. Rc1 Bxd4 17. exd4 Qa6 18. Qa3 Qxa3 19. bxa3 Rab8 20. Nb3 Rb6 21.
a4 Rb4 22. a5 Ra4 23. Rc2 Bf5 24. Rxc6 Bd3 25. Nc5 Re8+ 26. Kd2 Bb5 27. Nxa4
Ne4+ 28. Kc1 Bxc6 29. Nc5 Nxf2 30. Re1 Rxe1+ 31. Nxe1 f6 32. h3 g5 33. Nc2 Ne4
34. Nb4 Bb5 35. Nxd5 Nxc5 36. dxc5 Kf7 37. Nb4 Bf1 38. c6 Bxg2 39. c7 Bxh3 40.
Nc6 a6 41. Kd2 Bc8 42. Na7 Bb7 43. c8=Q Bxc8 44. Nxc8 Ke6 45. Nb6 Kd6 46. Ke3
Kc6 47. Ke4 Kb5 48. Nd5 Kxa5 49. Nxf6 Kb4 50. Nxh7 g4 51. Nf6 g3 52. Kf3 Ka3 53.
Nd5 a5 54. Nc3 Kb2 55. Na4+ Kxa2 56. Kxg3 Kb3 57. Nb6 1/2-1/2

[Event "2nd Science Park Open A"]
[Site "Amsterdam NED"]
[Date "2012.07.19"]
[Round "6"]
[White "Visser, Henk Jan"]
[Black "Efroimski, Marsel"]
[Result "1-0"]
[BlackTitle "WIM"]
[WhiteElo "2246"]
[BlackElo "2187"]
[WhiteFideId "1010204"]
[BlackFideId "2810964"]
[EventDate "2012.07.14"]

1. e4 c5 2. Nf3 d6 3. d4 cxd4 4. Nxd4 Nf6 5. Nc3 Nc6 6. Bg5 e6 7. Qd2 Be7 8.
O-O-O O-O 9. f4 Bd7 10. Ndb5 d5 11. e5 Ne8 12. Bxe7 Qxe7 13. Be2 f6 14. exf6
Qxf6 15. g3 a6 16. Nd4 b5 17. Bg4 Nc7 18. Rhe1 Nd8 19. Nf3 b4 20. Ne2 a5 21. Ne5
Bc8 22. Nd4 Na6 23. Qe3 a4 24. Kb1 Nc5 25. Bf3 a3 26. b3 Ndb7 27. Ndc6 Na6 28.
Qb6 Nd8 29. h4 Nxc6 30. Qxc6 Rb8 31. Be2 Bb7 32. Qb6 Bc8 33. Qa7 Qd8 34. Bxa6
Qa5 35. Qxb8 Qc5 36. Nd3 Qc3 37. Qxb4 1-0

[Event "2nd Science Park Open A"]
[Site "Amsterdam NED"]
[Date "2012.07.20"]
[Round "7.1"]
[White "Bakre, Tejas"]
[Black "Bosboom, Manuel"]
[Result "1/2-1/2"]
[WhiteTitle "GM"]
[BlackTitle "IM"]
[WhiteElo "2482"]
[BlackElo "2375"]
[WhiteFideId "5004195"]
[BlackFideId "1000080"]
[EventDate "2012.07.14"]

1. d4 g6 2. e4 Bg7 3. Nf3 c6 4. Nc3 b5 5. Be2 d5 6. exd5 b4 7. Na4 cxd5 8. O-O
Nf6 9. a3 bxa3 10. Bb5+ Bd7 11. Bxd7+ Nbxd7 12. Rxa3 Rc8 13. Nc3 Qc7 14. g3 O-O
15. Bf4 Qb7 16. Qa1 Ra8 17. Qa2 Nb6 18. Ra1 Nc4 19. Qb3 Qd7 20. Ra6 Rfc8 21. Nb5
Ne4 22. Rxa7 Rxa7 23. Rxa7 Qf5 24. Nc3 g5 25. Nxe4 gxf4 26. Nc5 fxg3 27. hxg3
Nd2 28. Nxd2 Bxd4 29. Qf3 Qxf3 30. Nxf3 Bxc5 31. Rd7 e6 32. c3 Rb8 33. b4 Bf8
34. Ne5 Bg7 35. Nxf7 Bxc3 36. Ng5 Rb6 37. Nxh7 Rxb4 38. Ng5 Rb6 39. Re7 Bf6 40.
Rxe6 Rb1+ 41. Kg2 Bxg5 42. Rg6+ Kf7 43. Rxg5 Ke6 44. f4 Rb3 45. Re5+ Kd6 46. Re8
Kd7 47. Re1 Kd6 48. f5 d4 49. g4 d3 50. Kf2 d2 51. Re6+ Kd5 52. Ke2 Rg3 53. Rg6
Rg2+ 54. Kd1 Kd4 55. Kc2 Ke3 56. Re6+ Kf4 57. Re8 Rf2 58. Rg8 Ke3 59. Rd8 Rf4
60. Rd3+ Ke2 61. Rxd2+ Kf3 62. g5 Rxf5 63. g6 Rg5 1/2-1/2

[Event "2nd Science Park Open A"]
[Site "Amsterdam NED"]
[Date "2012.07.20"]
[Round "7.2"]
[White "Antal, Gergely"]
[Black "Van Assendelft, Floris"]
[Result "1-0"]
[WhiteTitle "GM"]
[BlackTitle "FM"]
[WhiteElo "2511"]
[BlackElo "2348"]
[WhiteFideId "717312"]
[BlackFideId "1010271"]
[EventDate "2012.07.14"]

1. e4 c5 2. Nf3 d6 3. d4 Nf6 4. Nc3 cxd4 5. Qxd4 a6 6. Be3 Bg4 7. Qa4+ Nbd7 8.
Qb3 Qc7 9. Ng5 e6 10. h3 Bh5 11. g4 Bg6 12. f4 Nc5 13. Bxc5 dxc5 14. e5 O-O-O
15. Qc4 Nd5 16. Nxd5 Rxd5 17. Nf3 Be7 18. Bg2 h5 19. a4 Rhd8 20. O-O hxg4 21.
hxg4 Qb6 22. b3 Bxc2 23. Qxc2 c4+ 24. Kh2 Qe3 25. Qxc4+ Rc5 26. Rae1 Rh8+ 27.
Bh3 Rxc4 28. Rxe3 Rxf4 29. Kg3 g5 30. Rc1+ Kb8 31. Rd3 1-0

[Event "2nd Science Park Open A"]
[Site "Amsterdam NED"]
[Date "2012.07.20"]
[Round "7.4"]
[White "Van Oosterom, Chiel"]
[Black "Hungaski, Robert Andrew"]
[Result "0-1"]
[WhiteTitle "IM"]
[BlackTitle "IM"]
[WhiteElo "2385"]
[BlackElo "2488"]
[WhiteFideId "1013076"]
[BlackFideId "2021030"]
[EventDate "2012.07.14"]

1. Nf3 g6 2. g3 Bg7 3. Bg2 c5 4. O-O Nc6 5. c4 e6 6. d3 Nge7 7. Nc3 O-O 8. Bg5
h6 9. Bd2 d5 10. Qc1 Kh7 11. Rd1 b6 12. e4 d4 13. Ne2 e5 14. Rf1 Qd6 15. Ne1 f5
16. f4 fxe4 17. Bxe4 Bh3 18. Rf2 Rae8 19. Nf3 Bf5 20. fxe5 Nxe5 21. Nxe5 Qxe5
22. Rf4 Bxe4 23. Rxe4 Qf5 24. Qf1 Qxe4 25. dxe4 Rxf1+ 26. Kxf1 Nc6 27. b3 Rxe4
28. Nf4 Ne5 29. Re1 Rxe1+ 30. Bxe1 g5 31. Nd5 Kg6 32. h3 Kf5 33. Ke2 Ke4 34. Ne7
Bf8 35. Nd5 Bg7 36. Ne7 d3+ 37. Kd1 Nf3 38. Bf2 Ne5 39. Be1 Bf8 40. Nd5 Nf3 41.
Nc3+ Kd4 42. Bd2 a6 43. Nd5 Nxd2 44. Kxd2 Bd6 45. g4 b5 46. cxb5 axb5 0-1

[Event "2nd Science Park Open A"]
[Site "Amsterdam NED"]
[Date "2012.07.20"]
[Round "7.5"]
[White "Pruijssers, Roeland"]
[Black "Ten Hertog, Hugo"]
[Result "1-0"]
[WhiteTitle "GM"]
[BlackTitle "FM"]
[WhiteElo "2525"]
[BlackElo "2349"]
[WhiteFideId "1013068"]
[BlackFideId "1026356"]
[EventDate "2012.07.14"]

1. e4 c5 2. Nf3 d6 3. d4 cxd4 4. Nxd4 Nf6 5. Nc3 a6 6. Be3 e6 7. g4 h6 8. Bg2
Nc6 9. h3 Ne5 10. Qe2 g5 11. f4 gxf4 12. Bxf4 Bd7 13. Nf3 Qc7 14. Bg3 Be7 15.
O-O-O b5 16. Nxe5 dxe5 17. Nd5 exd5 18. exd5 Bd6 19. Bxe5 Bxe5 20. d6 Qc5 21.
Rd5 Nxd5 22. Qxe5+ Kd8 23. Qxh8+ Be8 24. Re1 Kd7 25. Bxd5 Qxd5 26. Re7+ Kc6 27.
Qc3+ Kxd6 28. Qc7# 1-0

[Event "2nd Science Park Open A"]
[Site "Amsterdam NED"]
[Date "2012.07.20"]
[Round "7.6"]
[White "Greenfeld, Alon"]
[Black "Visser, Henk Jan"]
[Result "1-0"]
[WhiteTitle "GM"]
[WhiteElo "2556"]
[BlackElo "2246"]
[WhiteFideId "2800039"]
[BlackFideId "1010204"]
[EventDate "2012.07.14"]

1. d4 d5 2. c4 c6 3. Nf3 Nf6 4. Nc3 a6 5. a4 e6 6. Bg5 a5 7. e3 Be7 8. Bd3 Na6
9. Rc1 Nb4 10. Bb1 b6 11. cxd5 exd5 12. O-O O-O 13. Ne5 Nd7 14. Bxe7 Qxe7 15.
Nxc6 Qe6 16. Nxb4 axb4 17. Nb5 Ra5 18. Qb3 Qh6 19. Qxb4 Nf6 20. b3 Bg4 21. Rc6
Qg5 22. f4 Qh4 23. Qe1 Qh5 24. Qg3 Kh8 25. Rfc1 Raa8 26. Nd6 Rad8 27. Rxb6 Bd7
28. Bd3 h6 29. a5 Ne4 30. Bxe4 dxe4 31. b4 f5 32. a6 Qe2 33. h3 Qd3 34. Rc7 Kh7
35. Kh2 Rf6 36. Ne8 Rf7 37. Qg6+ Kg8 1-0

[Event "2nd Science Park Open A"]
[Site "Amsterdam NED"]
[Date "2012.07.20"]
[Round "7.7"]
[White "Klein, David"]
[Black "Lammens, Tim"]
[Result "1-0"]
[WhiteTitle "FM"]
[BlackTitle "FM"]
[WhiteElo "2438"]
[BlackElo "2291"]
[WhiteFideId "1003623"]
[BlackFideId "1008803"]
[EventDate "2012.07.14"]

1. d4 Nf6 2. c4 g6 3. Nf3 Bg7 4. g3 O-O 5. Bg2 d6 6. O-O c6 7. Nc3 Qb6 8. Qc2
Qa6 9. Nd2 e5 10. d5 cxd5 11. cxd5 b5 12. b4 Bb7 13. e4 Rc8 14. Bb2 Nbd7 15. Qd3
Qb6 16. Nb3 Rc4 17. a3 Rac8 18. Na5 Rd4 19. Qxb5 Ba6 20. Qxb6 axb6 21. Nc6 Bxf1
22. Kxf1 Kf8 23. Nxd4 exd4 24. Nb5 Rc2 25. Bxd4 Ng4 26. Bxg7+ Kxg7 27. Kg1 Nxf2
28. a4 Ng4 29. a5 bxa5 30. bxa5 Ne3 31. Bh1 Ne5 32. Re1 N3c4 33. a6 Ra2 34. a7
Nd3 35. Rb1 Ne3 36. h4 Nf2 37. Bg2 Nxg2 38. Nc3 Rxa7 39. Kxf2 Ra3 40. Rc1 Nxh4
41. gxh4 Kf6 42. Ke3 Ke5 43. Kd3 Ra7 44. Rg1 Rb7 45. Rf1 h5 46. Ra1 Kf4 47. Ra6
Ke5 48. Ra8 Kf4 49. Rd8 Kg4 50. Rxd6 Kxh4 51. Rf6 Kg4 52. Nd1 h4 53. Ke2 h3 54.
Ne3+ Kg3 55. Rf3+ Kh4 56. Rf4+ Kh5 57. Rf1 g5 58. Kf3 Rb3 59. Rh1 Kh4 60. d6 Ra3
61. d7 Rd3 62. d8=Q Rxd8 63. Nf5+ Kh5 64. Rxh3+ Kg6 65. Rh6# 1-0

[Event "2nd Science Park Open A"]
[Site "Amsterdam NED"]
[Date "2012.07.20"]
[Round "7.8"]
[White "Plukkel, Sjoerd"]
[Black "Riemersma, Li"]
[Result "1/2-1/2"]
[BlackTitle "IM"]
[WhiteElo "2274"]
[BlackElo "2425"]
[WhiteFideId "1008676"]
[BlackFideId "1000250"]
[EventDate "2012.07.14"]

1. e4 c5 2. Nf3 d6 3. d4 cxd4 4. Nxd4 Nf6 5. Nc3 g6 6. Be3 Bg7 7. f3 Nc6 8. Qd2
O-O 9. Bc4 Bd7 10. O-O-O Rc8 11. Bb3 Nxd4 12. Bxd4 b5 13. e5 dxe5 14. Bxe5 Bc6
15. Qxd8 Rfxd8 16. Rxd8+ Rxd8 17. Rd1 Bh6+ 18. Kb1 Rxd1+ 19. Nxd1 Nd7 20. Bd4 a6
21. Nf2 e5 22. Ng4 Bf4 23. Be3 h5 24. Nh6+ Bxh6 25. Bxh6 Nc5 26. Be3 Nxb3 27.
axb3 f5 28. Bg5 Kf7 29. Kc1 f4 30. Kd2 Ke6 31. c4 Kf5 32. h4 e4 33. Ke2 e3 34.
Bd8 Bd7 35. Bc7 Be6 36. cxb5 axb5 37. g3 fxg3 1/2-1/2

[Event "2nd Science Park Open A"]
[Site "Amsterdam NED"]
[Date "2012.07.20"]
[Round "7.9"]
[White "Zult, Daan"]
[Black "Gullaksen, Eirik"]
[Result "1/2-1/2"]
[BlackTitle "IM"]
[WhiteElo "2252"]
[BlackElo "2382"]
[WhiteFideId "1005510"]
[BlackFideId "1500945"]
[EventDate "2012.07.14"]

1. c4 g6 2. g3 Bg7 3. Bg2 e5 4. Nc3 d6 5. e4 Nc6 6. Nge2 f5 7. d3 Nf6 8. O-O O-O
9. Nd5 f4 10. gxf4 Nh5 11. fxe5 dxe5 12. Be3 Nd4 13. f4 Nxe2+ 14. Qxe2 c6 15.
fxe5 cxd5 16. Rxf8+ Qxf8 17. Rf1 Qe7 18. cxd5 Qxe5 19. d4 Qe7 20. e5 Qh4 21. Qf3
Bf5 22. d6 Rb8 23. Qd5+ Kh8 24. Qf7 Qg4 25. Rxf5 gxf5 26. d7 Qd1+ 27. Bf1 Qg4+
28. Bg2 Qd1+ 29. Kf2 Qc2+ 30. Kg1 1/2-1/2

[Event "2nd Science Park Open A"]
[Site "Amsterdam NED"]
[Date "2012.07.20"]
[Round "7.10"]
[White "De Rover, Yong Hoon"]
[Black "Prieto Aranguren, Alain"]
[Result "1-0"]
[WhiteElo "2287"]
[BlackElo "2232"]
[WhiteFideId "1010298"]
[BlackFideId "2268906"]
[EventDate "2012.07.14"]

1. e4 c6 2. d4 d5 3. Nc3 dxe4 4. Nxe4 Nf6 5. Nxf6+ gxf6 6. c3 Bf5 7. Nf3 Qc7 8.
g3 Nd7 9. Bg2 e6 10. O-O Bd6 11. a4 O-O-O 12. b4 h5 13. Nh4 Bg4 14. Qd3 e5 15.
b5 Nb8 16. bxc6 Nxc6 17. a5 Nxa5 18. Be3 Be6 19. Rfb1 Bc5 20. Qb5 Bb6 21. Rxa5
Bxa5 22. Bxb7+ Kb8 23. d5 Bb6 24. Bc6 Bd7 25. Bxb6 axb6 26. Qa6 Bxc6 27. dxc6
Qa7 28. c7+ 1-0